Agricultural Meteorology/ (Record no. 206525)

MARC details
000 -LEADER
fixed length control field 00689nam a22002297a 4500
005 - DATE AND TIME OF LATEST TRANSACTION
control field 20241021150611.0
010 ## - LCCN (DPL NO)
LC control number ENG-142217
020 ## - INTERNATIONAL STANDARD BOOK NUMBER
International Standard Book Number 9381236119
Terms of availability 100.00
035 ## - SYSTEM CONTROL NUMBER
System control number EN-125749
037 ## - SOURCE OF ACQUISITION
Source of stock number/acquisition DBAD/PUB
082 ## - DEWEY DECIMAL CLASSIFICATION NUMBER
Classification number 551.5
100 ## - MAIN ENTRY--PERSONAL NAME
Personal name SureshKumar, S.M.
245 ## - TITLE STATEMENT
Title Agricultural Meteorology/
Statement of responsibility, etc S.M. Sureshkumar, G. Baradhan, S. Maniaran and N. Ramesh
250 ## - EDITION STATEMENT
Edition statement First
260 ## - PUBLICATION, DISTRIBUTION, ETC. (IMPRINT)
Place of publication, distribution, etc Chennai
Name of publisher, distributor, etc Sri Velan Pathippagam
Date of publication, distribution, etc 2012
270 ## - ADDRESS
Address 5, S.P. Koil Street
City Chidambaram
Postal code 608001
300 ## - PHYSICAL DESCRIPTION
Extent 148p.
Other physical details 21cm(pb)
700 ## - ADDED ENTRY--PERSONAL NAME
Personal name G. Baradhan
9 (RLIN) 73071
700 ## - ADDED ENTRY--PERSONAL NAME
Personal name S. Maniaran
9 (RLIN) 73072
700 ## - ADDED ENTRY--PERSONAL NAME
Personal name N. Ramesh
9 (RLIN) 73073
942 ## - ADDED ENTRY ELEMENTS (KOHA)
Source of classification or shelving scheme Dewey Decimal Classification
Item type English Books
Classification part 551.5
Call number suffix AGR
Holdings
Withdrawn status Lost status Not for loan Collection code Home library Current library Date acquired Source of acquisition Cost, normal purchase price Full call number Barcode Copy number Cost, replacement price Koha item type
      Non-fiction Bawana Bawana 21/10/2024 DBAD 100.00 551.5 AGR EN-125749 1 100.00 English Books

© Delhi Public Library
Hit Counter
free hit counter